Bilecik Bilecik Bilecik Bilecik Bilecik

Sonsuz nur : (Record no. 12755)

MARC details
000 -BAŞLIK
Sabit Uzunluktaki Kontrol Alanı 01017nam a22003257a 4500
008 - SABİT UZUNLUKTAKİ VERİ ÖGELERİ - GENEL BİLGİ
Sabit Alan 100208b2005 tu |||gr||||#||||0|tur |
040 ## - KATALOGLAMA KAYNAĞI
Özgün Kataloglama Kurumu TR-BiSEU
Kataloglama Dili tur
Çeviri Kurumu TR-BiSEU
Açıklama Kuralları rda
001 - KONTROL NUMARASI
Control Dosyası 0012788
003 - KONTROL NUMARASI KİMLİĞİ
Kontrol Alanı KOHA_MİRAKIL
005 - EN SON İŞLEM TARİHİ ve ZAMANI
Kontrol Alanı 20260207001901.0
007 - FİZİKSEL TANIM SABİT ALAN - GENEL BİLGİ
Sabit uzunluklu kontrol alanı ta
020 ## - ISBN - ULUSLARARASI STANDART KİTAP NUMARASI
Isbn 9757292184
041 0# - DİL KODU
Metin ya da ses kaydının dil kodu tur
044 ## - YAYINLAYAN/ÜRETEN KURULUŞUN ÜLKE KODU
ISO country code tu
050 ## - SINIFLAMA ve YER NUMARASI
Sınıflama Numarası BP75
Yer Numarası .G85 2005
100 1# - KİŞİ ADI
Yazar Adı (Kişi adı) Gülen, M. Fethullah.
245 1# - ESER ADI BİLDİRİMİ
Başlık Sonsuz nur :
Alt Eseradı vb. insanlığın iftihar tablosu/
Sorumluluk Bildirimi M. Fethullah Gülen ; M. Fethullah Gülen.
264 #1 - ÜRERİM, YAYIN, DAĞITIM ve TELİF BİLDİRİMİ
Yayın yeri İzmir :
Yayınlayan Nil Yayınevi
Yayın tarihi 2005
300 ## - FİZİKSEL TANIMLAMA
Sayfa, Cilt vb. c., 438 sayfa; 19 cm.
336 ## - İÇERİK TÜRÜ
Content type term metin
Content type code txt
Source rdacontent
337 ## - MEDYA TÜRÜ
Media type term aracısız
Media type code n
Source rdamedia
338 ## - TAŞIYICI TÜRÜ
Carrier type term cilt
Carrier type code nc
Source rdacarrier
490 1# - DİZİ BİLDİRİMİ
Dizi Bildirimi Nil yayınları ;
Cilt Numarası 077.
490 1# - DİZİ BİLDİRİMİ
Dizi Bildirimi Pırlanta kitap serisi
650 #0 - KONU BAŞLIĞI EK GİRİŞ - KONU TERİMİ
Konusal terim veya coğrafi ad Muhammad, Prophet, d. 632--Biography.
9 (RLIN) 30705
650 #0 - KONU BAŞLIĞI EK GİRİŞ - KONU TERİMİ
Konusal terim veya coğrafi ad Muhammed, Hz. Peygamber, 570-632--Biyografi.
9 (RLIN) 30706
830 1# - SERİ EK GİRİŞİ - TEKBİÇİM ESER ADI
Tekbiçim Başlık Nil yayınları ;
Volume number/sequential designation 077.
9 (RLIN) 30707
830 1# - SERİ EK GİRİŞİ - TEKBİÇİM ESER ADI
Tekbiçim Başlık Pırlanta kitap serisi
9 (RLIN) 30708
942 ## - EK GİRİŞ ÖGELERİ (KOHA)
Source of classification or shelving scheme Library of Congress Classification
Koha item type Book
Holdings
Materyal Türü Kalıcı Konum Mevcut Konum Raf Yeri Sınıflandırma Kaynağı Edinim Bilgisi Ana Konular Alt Konular Yer Numarası Cilt Bilgisi Demirbaş Numarası Fatura Tarihi Maliyet, Alış Fiyatı Maliyet, Yenileme Fiyatı Geri Çekilme Durumu Kayıp Durumu Hasarlı Durumu Kredi için değil Kayıt Tarih Toplam Ödünçverme Son Görülme Tarihi Son Kontrol Tarihi Genel / Bağış Notu
Book Prof. Dr. Azmi Özcan Kütüphanesi Prof. Dr. Azmi Özcan Kütüphanesi Uluğbey Salonu Library of Congress Classification Bağış FELSEFE, PSİKOLOJİ, DİN İslam, Bahailik, Teozofi vb. BP75 .G85 2005 c.1 0012788 13/08/2010 20.00 20.00         08/02/2010 3 05/12/2024 05/12/2024 Genel Bağış